|
|
|
|
| LEADER |
03289nam a22003973i 4500 |
| 001 |
EBC7101349 |
| 003 |
MiAaPQ |
| 005 |
20240729202204.0 |
| 006 |
m o d | |
| 007 |
cr cnu|||||||| |
| 008 |
240729s2014 xx o ||||0 ger d |
| 020 |
|
|
|a 9783428574285
|q (electronic bk.)
|
| 020 |
|
|
|z 9783428174287
|
| 035 |
|
|
|a (MiAaPQ)EBC7101349
|
| 035 |
|
|
|a (Au-PeEL)EBL7101349
|
| 035 |
|
|
|a (OCoLC)1347025334
|
| 040 |
|
|
|a MiAaPQ
|b eng
|e rda
|e pn
|c MiAaPQ
|d MiAaPQ
|
| 100 |
1 |
|
|a Sering, Max.
|
| 245 |
1 |
4 |
|a Die Bewegung der Weizenpreise und Ihre Ursachen :
|b Untersuchungen über Preisbildung. Abteilung a: Preisbildung Für Agrarische Erzeugnisse. Dritter Teil. Hrsg. Von Max Sering. (Schriften des Vereins Für Sozialpolitik 139-III).
|
| 250 |
|
|
|a 1st ed.
|
| 264 |
|
1 |
|a Berlin :
|b Duncker & Humblot,
|c 2014.
|
| 264 |
|
4 |
|c {copy}1914.
|
| 300 |
|
|
|a 1 online resource (79 pages)
|
| 336 |
|
|
|a text
|b txt
|2 rdacontent
|
| 337 |
|
|
|a computer
|b c
|2 rdamedia
|
| 338 |
|
|
|a online resource
|b cr
|2 rdacarrier
|
| 490 |
1 |
|
|a Duncker and Humblot Reprints Series
|
| 505 |
0 |
|
|a Intro -- Inhalt -- Einleitung -- A. Die Bewegung der Weizenpreise -- 1. Kurze Übersicht der Preisbewegung des Weizens von 1200-1820 -- 2. Preisbewegung seit 1820 bis zur Gegenwart in zehnjährigen Durchschnitten -- Die Preise steigen in den Exportstaaten, fallen in den Importstaaten. Herausbildung eines Weltmarktpreises -- 3. Die Jahrespreise -- a) Die Regelmäßigkeit der Preisbewegung -- b) Abnahme in der Größe der Differenzen zwischen dem höchsten und niedrigsten Jahresdurchschnitt innerhalb der Jahrzehnte -- 4. Die Monatspreise -- a) Regelmäßigkeit der Bewegung innerhalb der Erntejahre -- b) Abnahme der Differenzen zwischen höchstem und niedrigstem Durchschnitt innerhalb eines Jahres -- 5. Die tägliche Preisbewegung -- B. Die Ursachen der Preisbewegung des Getreides -- 1. Die tägliche Preisbildung -- a) Verhältnis zwischen notwendigen Käufen und Verkäufen -- b) Die Bewertung der Ware bei freiwilligem Kauf und Verkauf. Statistische Erfassung der Marktlage -- c) Der Anteil der Spekulation an der Preisbildung -- 2. Die Faktoren der monatlichen Preisbewegung -- 3. Die Faktoren der Jahrespreise -- a) Jahrespreise und Produktion -- b) Jahrespreise und Konsumtion -- c) Die Regelmäßigkeit der Preiskurven -- d) Die Abnahme der Preisschwankungen -- 4. Die Faktoren des Preisniveaus (der zehnjährigen Durchschnitte) -- 5. Weizenpreise und Gesamtwarenpreise -- a) Übereinstimmung in den jährlichen Preisschwankungen -- b) Übereinstimmung in der Bewegung der großen Preisentwicklungslinien -- Schluß.
|
| 588 |
|
|
|a Description based on publisher supplied metadata and other sources.
|
| 590 |
|
|
|a Electronic reproduction. Ann Arbor, Michigan : ProQuest Ebook Central, 2024. Available via World Wide Web. Access may be limited to ProQuest Ebook Central affiliated libraries.
|
| 655 |
|
4 |
|a Electronic books.
|
| 700 |
1 |
|
|a Perlmann, Louis.
|
| 776 |
0 |
8 |
|i Print version:
|a Sering, Max
|t Die Bewegung der Weizenpreise und Ihre Ursachen
|d Berlin : Duncker & Humblot,c2014
|z 9783428174287
|
| 797 |
2 |
|
|a ProQuest (Firm)
|
| 830 |
|
0 |
|a Duncker and Humblot Reprints Series
|
| 856 |
4 |
0 |
|u https://ebookcentral.proquest.com/lib/matrademy/detail.action?docID=7101349
|z Click to View
|